00461nam a2200133Ia 4500041001200000082001200012100006400024245009200088260003100180300001700211504004000228536004700268546001200315 aEnglish aRP.0357 aPande, MilinduIndian Institute of Foreign TradevNew Delhi 0aRegional Study of telecom technology option for Indian rural education / cMilind Pande aNew Delhi : bICSSR,c2010 axxxi, 371p ; aInclude bibliographical references. aIndian Council of Social Science Research. aEnglish